Normal view
MARC view
Entry Topical Term
001 - CONTROL NUMBER
- control field: 28100
003 - CONTROL NUMBER IDENTIFIER
- control field: OSt
005 - DATE AND TIME OF LATEST TRANSACTION
- control field: 20230718140020.0
008 - FIXED-LENGTH DATA ELEMENTS
- fixed length control field: 230718|| aca||aabn | a|a d
040 ## - CATALOGING SOURCE
- Original cataloging agency: OSt
- Transcribing agency: OSt
150 ## - HEADING--TOPICAL TERM
- Topical term or geographic name entry element: ပထဝီဝင် ပညာ။
670 ## - SOURCE DATA FOUND
- Source citation: Work cat.: (OSt): ထွန်းအောင်၊ ဦး။ 28095, ကမ္ဘာ့တိုက်ကြီးများ ပဌမတွဲ အာရှဥရောပနှင့် ဩစတြေလေရှ /